[Event "Omsk op"]
[Site "Omsk"]
[Date "2008.12.14"]
[Round "9"]
[White "Tsiganov, Mikhail"]
[Black "Kharlamov, Igor1111"]
[Result "0-1"]
[WhiteElo "2022"]
[BlackElo "1964"]
[PlyCount "56"]
[EventDate "2008.11.23"]
[EventType "swiss"]
[EventRounds "9"]
[EventCountry "RUS"]
[SourceTitle "CBM 127 Extra"]
[Source "ChessBase"]
[SourceDate "2009.01.08"]
[SourceVersion "2"]
[SourceVersionDate "2009.01.28"]
[SourceQuality "1"]

1. e4 e5 2. Nf3 Nc6 3. d4 exd4 4. Nxd4 Qf6 5. Nb5 Bc5 6. f3 Qd8 7. Qd5 d6 8. Bg5 Nge7 9. Qd2 Be6 10. c3 Qd7 11. a4 a6 12. Nd4 Bxd4 13. cxd4 d5 14. Bxe7 Qxe7 15. g3 dxe4 16. Bg2 0-0-0 17. 0-0 Nxd4 18. Qf2 exf3 19. Bxf3 Nxf3+ 20. Qxf3 Bh3 21. Rc1 Rhe8 22. Ra3 Qe1+ 23. Rxe1 Rxe1+ 24. Kf2 Rf1+ 25. Ke3 Rxf3+ 26. Kxf3 Bf5 27. Nc3 Rd2 28. b4 Rxh2 0-1